[Event "Int.Vellmar 9th op B"]
[Site "Vellmar"]
[Date "2017.07.13"]
[Round "1.1"]
[White "Wuestehube, Harry"]
[Black "Walkiewicz, Danny"]
[Result "1/2-1/2"]
[WhiteElo "1925"]
[BlackElo "1605"]
[PlyCount "79"]
[EventDate "2017.07.13"]
[EventType "swiss"]
[EventRounds "7"]
[EventCountry "GER"]

1. e4 c5 2. Nc3 e6 3. f4 d5 4. Bb5+ Nc6 5. Bxc6+ bxc6 6. d3 d4 7. Nce2 Nf6 8.
Nf3 Ba6 9. b3 Be7 10. O-O O-O 11. Ng3 Nd7 12. Qe2 f5 13. exf5 exf5 14. Qe6+ Kh8
15. Nxf5 Rf6 16. Qxe7 Rxf5 17. Re1 Nb6 18. Qxd8+ Rxd8 19. Bd2 Nd5 20. g3 h6 21.
Re6 Bb7 22. Rae1 Kh7 23. Ne5 Rf6 24. Nc4 Bc8 25. Rxf6 gxf6 26. a3 Kg6 27. Nb2
Nb6 28. a4 Kf7 29. a5 Nd5 30. Na4 Nb4 31. Rc1 Rd5 32. Nb2 Na2 33. Re1 Nb4 34.
Rc1 Na2 35. Ra1 Nb4 36. Ra4 Nxc2 37. Rc4 Na3 38. Rc1 Ba6 39. Nc4 Nb5 40. Kf2
1/2-1/2

[Event "Int.Vellmar 9th op B"]
[Site "Vellmar"]
[Date "2017.07.13"]
[Round "1.2"]
[White "Bakiev, Diyor"]
[Black "Rother, Wilfried"]
[Result "0-1"]
[WhiteElo "1610"]
[BlackElo "1890"]
[PlyCount "216"]
[EventDate "2017.07.13"]
[EventType "swiss"]
[EventRounds "7"]
[EventCountry "GER"]

1. e4 c5 2. Nf3 Nc6 3. d4 cxd4 4. Nxd4 e6 5. Nc3 a6 6. Be3 Nf6 7. Be2 Qc7 8.
O-O Be7 9. f4 d6 10. Kh1 Bd7 11. Nf3 b5 12. a3 Rc8 13. Nd4 Na5 14. Qe1 Nc4 15.
Bxc4 Qxc4 16. e5 Ng4 17. Qg3 Nxe3 18. Qxe3 d5 19. Nb3 Qc7 20. Qg3 O-O 21. f5 f6
22. fxe6 Bxe6 23. exf6 Qxg3 24. hxg3 Bxf6 25. Rae1 Bf7 26. Rf3 Rfe8 27. Rxe8+
Rxe8 28. Rd3 Rd8 29. Nc5 Bxc3 30. Rxc3 d4 31. Rd3 Bg6 32. Rd2 Rd6 33. Nd3 Kf8
34. Nf4 Bf5 35. Ne2 d3 36. Nc1 Rg6 37. cxd3 Rxg3 38. d4 Re3 39. Na2 Bd7 40. Kg1
a5 41. Kf2 Re6 42. Nc3 g5 43. d5 Re5 44. Na2 h5 45. Nc1 h4 46. Nb3 a4 47. Nc5
Bc8 48. Rd3 Bg4 49. Kg1 Re1+ 50. Kh2 Re5 51. Nb7 Bf5 52. Rd2 g4 53. Rd1 g3+ 54.
Kg1 Ke7 55. Kf1 Be4 56. d6+ Kd7 57. Rc1 Bxb7 58. Rc7+ Kxd6 59. Rxb7 Kc5 60. Rh7
Re4 61. Rd7 Kc4 62. Rb7 Rd4 63. Ke1 Rf4 64. Rh7 Kb3 65. Rh5 Kxb2 66. Rxb5+ Kxa3
67. Rh5 Rd4 68. Rh8 Ka2 69. Rh6 Kb2 70. Rb6+ Kc3 71. Rc6+ Kd3 72. Rc1 Re4+ 73.
Kf1 Kd2 74. Rb1 Kc2 75. Ra1 Rb4 76. Ra2+ Kb3 77. Re2 Rc4 78. Re3+ Rc3 79. Re1
a3 80. Rb1+ Ka2 81. Rb5 Rb3 82. Re5 Ka1 83. Rd5 a2 84. Ke2 Kb2 85. Rd2+ Ka3 86.
Rd1 Rb2+ 87. Kf3 Rf2+ 88. Kg4 Kb2 89. Kxh4 Rxg2 90. Kh3 Re2 91. Kxg3 a1=Q 92.
Rxa1 Kxa1 93. Kf3 Rd2 94. Ke3 Rd8 95. Ke4 Kb2 96. Ke5 Kc3 97. Ke6 Kd4 98. Ke7
Rd5 99. Ke6 Ke4 100. Kf6 Re5 101. Kf7 Kf5 102. Kg7 Re6 103. Kf7 Re5 104. Kg7
Kg5 105. Kf7 Kf5 106. Kg7 Re7+ 107. Kh6 Rf7 108. Kh5 Rh7# 0-1

[Event "Int.Vellmar 9th op B"]
[Site "Vellmar"]
[Date "2017.07.13"]
[Round "1.3"]
[White "Davidov, Georgi"]
[Black "Pabst, Olaf"]
[Result "1-0"]
[WhiteElo "1872"]
[BlackElo "1610"]
[PlyCount "55"]
[EventDate "2017.07.13"]
[EventType "swiss"]
[EventRounds "7"]
[EventCountry "GER"]

1. e4 d5 2. exd5 Nf6 3. Nc3 Nxd5 4. Nxd5 Qxd5 5. d4 Nc6 6. Be3 Bf5 7. c3 e6 8.
Nf3 Bg4 9. Be2 Bd6 10. h3 Qh5 11. Qb3 O-O-O 12. O-O-O Bxf3 13. Bxf3 Qa5 14. d5
Ne5 15. dxe6 Nxf3 16. gxf3 fxe6 17. Qxe6+ Kb8 18. Qf7 Rhf8 19. Qxg7 Qxa2 20.
Qxh7 Rxf3 21. Qd3 Rf7 22. Qd5 Qa1+ 23. Kc2 Qa4+ 24. Qb3 Qe4+ 25. Kc1 Rxf2 26.
Rhe1 b6 27. Bxb6 Qxe1 28. Bxf2+ 1-0

[Event "Int.Vellmar 9th op B"]
[Site "Vellmar"]
[Date "2017.07.13"]
[Round "1.4"]
[White "Helmer, Andreas"]
[Black "Schilling, Dietmar"]
[Result "0-1"]
[WhiteElo "1608"]
[BlackElo "1872"]
[PlyCount "84"]
[EventDate "2017.07.13"]
[EventType "swiss"]
[EventRounds "7"]
[EventCountry "GER"]

1. d4 d5 2. Nf3 e6 3. e3 Nf6 4. Bd3 c5 5. b3 Nc6 6. Bb2 Bd7 7. Nbd2 a6 8. O-O
Be7 9. Rc1 O-O 10. c4 cxd4 11. exd4 Rc8 12. Ne5 Be8 13. Nxc6 Bxc6 14. c5 Re8
15. Nf3 Nd7 16. Qe2 Bf6 17. Ne5 Qe7 18. b4 g6 19. f4 Bg7 20. Rf3 Nxe5 21. fxe5
f5 22. Rh3 Rc7 23. Rf1 Rf8 24. Bc1 Rf7 25. Rg3 Qf8 26. Bf4 Bh6 27. Qe3 Bxf4 28.
Qxf4 Rg7 29. Qg5 Qe7 30. Qxe7 Rcxe7 31. Rgf3 g5 32. g3 h5 33. Kf2 Rh7 34. Ke1
g4 35. R3f2 h4 36. Rg1 hxg3 37. Rxg3 Rh4 38. h3 Rxh3 39. Rxh3 gxh3 40. Rh2 Rh7
41. Bf1 Rh4 42. Rd2 h2 0-1

[Event "Int.Vellmar 9th op B"]
[Site "Vellmar"]
[Date "2017.07.13"]
[Round "1.5"]
[White "Lange, Martin"]
[Black "Barchfeld, Peter"]
[Result "1-0"]
[WhiteElo "1853"]
[BlackElo "1607"]
[PlyCount "83"]
[EventDate "2017.07.13"]
[EventType "swiss"]
[EventRounds "7"]
[EventCountry "GER"]

1. e4 c5 2. Nf3 d6 3. d4 cxd4 4. Nxd4 Nf6 5. Nc3 a6 6. f3 e6 7. Be3 Be7 8. Qd2
Qc7 9. O-O-O b5 10. g4 Bb7 11. h4 b4 12. Nb1 d5 13. g5 Nfd7 14. Bd3 dxe4 15.
Bxe4 Bxe4 16. fxe4 Nc6 17. Qf2 Nxd4 18. Bxd4 Bc5 19. Nd2 e5 20. Bxc5 Nxc5 21.
Kb1 O-O 22. Qf3 Rac8 23. Rc1 Ne6 24. c3 bxc3 25. Rxc3 Qb7 26. Rhc1 Rxc3 27.
Qxc3 Nd4 28. Qc7 Qb8 29. Rc5 Re8 30. Qxb8 Rxb8 31. Rxe5 Kf8 32. Rd5 Ne2 33. Nb3
Rc8 34. Rc5 Re8 35. Rc4 Nf4 36. Nc5 g6 37. Nxa6 Ra8 38. Nc7 Rd8 39. e5 Rd7 40.
Rxf4 Rxc7 41. e6 Ke7 42. Rxf7+ 1-0

[Event "Int.Vellmar 9th op B"]
[Site "Vellmar"]
[Date "2017.07.13"]
[Round "1.7"]
[White "Calci, Fiorino"]
[Black "Cress, Bastian"]
[Result "1/2-1/2"]
[WhiteElo "1847"]
[BlackElo "1599"]
[PlyCount "110"]
[EventDate "2017.07.13"]
[EventType "swiss"]
[EventRounds "7"]
[EventCountry "GER"]

1. d4 Nf6 2. Nf3 g6 3. c4 Bg7 4. Nc3 O-O 5. e4 d6 6. Be2 Nbd7 7. O-O e5 8. d5
Nc5 9. Nd2 a5 10. f3 Nh5 11. Nb3 b6 12. Nb5 f5 13. Be3 Nf6 14. Nxc5 bxc5 15.
Bg5 h6 16. Bxf6 Bxf6 17. exf5 gxf5 18. Bd3 Qe7 19. Qc2 Bg5 20. Rfe1 Qg7 21. Kh1
f4 22. Qf2 Bf5 23. Be4 Kh8 24. Nc3 Bh7 25. Bxh7 Qxh7 26. Ne4 Qe7 27. g3 Rf7 28.
Kg2 Rg8 29. Nxg5 Qxg5 30. g4 h5 31. h4 Qf5 32. g5 Qc8 33. Kh2 Qa6 34. Qc2 Rfg7
35. Rg1 Rg6 36. Rac1 Qc8 37. Qd3 Qd7 38. Rc3 Kg7 39. Ra3 Ra8 40. Qc3 c6 41.
Rxa5 Rxa5 42. Qxa5 cxd5 43. cxd5 Qb7 44. Qd2 Kf7 45. b3 Qa6 46. Qc2 Qb7 47. Qd3
Qa8 48. a4 Qa5 49. Rd1 Qb4 50. Qf5+ Kg7 51. Qd7+ Kg8 52. Qe8+ Kg7 53. Qd7+ Kg8
54. Qe8+ Kg7 55. Qd7+ Kg8 1/2-1/2

[Event "Int.Vellmar 9th op B"]
[Site "Vellmar"]
[Date "2017.07.13"]
[Round "1.9"]
[White "John, Volkmar"]
[Black "Toma, Yanis"]
[Result "1-0"]
[WhiteElo "1838"]
[BlackElo "1538"]
[PlyCount "69"]
[EventDate "2017.07.13"]
[EventType "swiss"]
[EventRounds "7"]
[EventCountry "GER"]

1. e4 c5 2. Nf3 d6 3. d4 cxd4 4. Nxd4 Nf6 5. Nc3 a6 6. Be3 e6 7. f3 Be7 8. Qd2
Qc7 9. O-O-O O-O 10. Kb1 b5 11. g4 Bb7 12. Bd3 Nfd7 13. g5 Nc5 14. h4 Rd8 15.
Qh2 Nc6 16. Nxc6 Qxc6 17. h5 d5 18. exd5 exd5 19. Ne2 Qd6 {Remis Angebot} 20.
Bf4 Qd7 21. Nd4 Nxd3 22. Rxd3 Bd6 23. Bxd6 Qxd6 24. Qxd6 Rxd6 25. Re3 Rdd8 26.
Rhe1 Rf8 27. Re7 Rab8 28. c3 Kh8 29. Kc1 Kg8 30. Kd2 Kh8 31. Rd7 Kg8 32. Ree7
Ba8 33. g6 Rbd8 34. gxf7+ Kh8 35. Rxd8 1-0

[Event "Int.Vellmar 9th op B"]
[Site "Vellmar"]
[Date "2017.07.13"]
[Round "1.10"]
[White "Neumann, Peter Eduard"]
[Black "Michels, Holger"]
[Result "0-1"]
[WhiteElo "1576"]
[BlackElo "1816"]
[PlyCount "82"]
[EventDate "2017.07.13"]
[EventType "swiss"]
[EventRounds "7"]
[EventCountry "GER"]

1. Nf3 Nf6 2. g3 g6 3. d3 d5 4. Bg2 Bg7 5. Nbd2 c5 6. O-O Nc6 7. Re1 O-O 8. e4
dxe4 9. dxe4 e5 10. c3 b5 11. Qc2 Qe7 12. Nf1 Bb7 13. Bg5 h6 14. Bxf6 Qxf6 15.
Ne3 Ne7 16. Ng4 Qd6 17. Rad1 Qc7 18. h4 h5 19. Ne3 Rad8 20. Bh3 Bh6 21. Ng5
Bxg5 22. hxg5 Rxd1 23. Rxd1 Rd8 24. f3 c4 25. Qf2 Rxd1+ 26. Nxd1 Qd8 27. Ne3
Qd3 28. Bf1 Qd8 29. g4 Nc8 30. gxh5 Qxg5+ 31. Ng4 gxh5 32. Bh3 hxg4 33. Bxg4
Qg6 34. Kf1 Bxe4 35. Bxc8 Bd3+ 36. Ke1 Qg5 37. Kd1 Qd8 38. Bg4 Bg6+ 39. Kc1 Qd3
40. Bh3 Qb1+ 41. Kd2 Qxb2+ 0-1

[Event "Int.Vellmar 9th op B"]
[Site "Vellmar"]
[Date "2017.07.13"]
[Round "1.11"]
[White "Saoud, Mohamad Alhussein"]
[Black "Kotliarevski, Dennis"]
[Result "1-0"]
[WhiteElo "1720"]
[BlackElo "1568"]
[PlyCount "59"]
[EventDate "2017.07.13"]
[EventType "swiss"]
[EventRounds "7"]
[EventCountry "GER"]

1. Nf3 f5 2. d4 Nf6 3. c4 e6 4. Nc3 c6 5. a3 d5 6. e3 Bd6 7. Bd3 a5 8. O-O Nbd7
9. Ne2 O-O 10. Nf4 Qe8 11. Ng5 Nb8 12. c5 Bc7 13. Qb3 Ra7 14. Qa4 h6 15. Nf3 g5
16. Ne2 Rf7 17. b4 g4 18. Ne5 Rg7 19. Nf4 h5 20. Bb2 h4 21. Rac1 Nh5 22. b5
Bxe5 23. dxe5 g3 24. h3 Nd7 25. bxc6 bxc6 26. Qxc6 Nxf4 27. exf4 Bb7 28. Qa4
Qc8 29. c6 Nb6 30. cxb7 1-0

[Event "Int.Vellmar 9th op B"]
[Site "Vellmar"]
[Date "2017.07.13"]
[Round "1.13"]
[White "Bengsch, Norbert"]
[Black "Kroemer, Alexander"]
[Result "1/2-1/2"]
[WhiteElo "1797"]
[BlackElo "1566"]
[PlyCount "57"]
[EventDate "2017.07.13"]
[EventType "swiss"]
[EventRounds "7"]
[EventCountry "GER"]

1. d4 d5 2. Nf3 Nf6 3. e3 e6 4. Bd3 b6 5. O-O Bd6 6. b3 O-O 7. Bb2 Bb7 8. Nbd2
c5 9. Ne5 Ne4 10. f4 f6 11. Ng4 Qc7 12. c4 Nxd2 13. Qxd2 Nc6 14. Rac1 h5 15.
Nf2 cxd4 16. exd4 Bxf4 17. Qe2 Bxc1 18. Qxh5 Bh6 19. Ba3 Rf7 20. Bg6 Nxd4 21.
Ng4 Nf5 22. Rc1 Rd8 23. cxd5 Qe7 24. Bxf7+ Qxf7 25. Qxf7+ Kxf7 26. Nxh6+ gxh6
27. Rc7+ Kg6 28. Rxb7 Rxd5 29. Bb4 1/2-1/2

[Event "Int.Vellmar 9th op B"]
[Site "Vellmar"]
[Date "2017.07.13"]
[Round "1.14"]
[White "Seeber, Helmut"]
[Black "Michels, Fabio"]
[Result "0-1"]
[WhiteElo "1562"]
[BlackElo "1787"]
[PlyCount "54"]
[EventDate "2017.07.13"]
[EventType "swiss"]
[EventRounds "7"]
[EventCountry "GER"]

1. e4 c5 2. Nf3 Nc6 3. d4 cxd4 4. Nxd4 g6 5. c3 Bg7 6. Nxc6 bxc6 7. Bd3 d5 8.
exd5 cxd5 9. Bb5+ Bd7 10. Qxd5 Nf6 11. Bxd7+ Nxd7 12. Na3 O-O 13. Be3 Qc8 14.
O-O Nf6 15. Qf3 a6 16. Nc2 e6 17. Nd4 Nd5 18. Rac1 Rb8 19. Rc2 Rd8 20. c4 Nb4
21. Re2 Bxd4 22. Bg5 Rd7 23. b3 Bg7 24. Qe4 Nd3 25. Qh4 Rd4 26. Qh3 Nf4 27.
Bxf4 Rxf4 0-1

[Event "Int.Vellmar 9th op B"]
[Site "Vellmar"]
[Date "2017.07.13"]
[Round "1.16"]
[White "Kirchner, Stefan"]
[Black "Lutz, Adam"]
[Result "0-1"]
[WhiteElo "1550"]
[BlackElo "1751"]
[PlyCount "66"]
[EventDate "2017.07.13"]
[EventType "swiss"]
[EventRounds "7"]
[EventCountry "GER"]

1. e4 c5 2. Nf3 e6 3. Bc4 a6 4. a4 d6 5. d3 Nf6 6. Bg5 Be7 7. O-O O-O 8. Nbd2
Nc6 9. c3 Na5 10. Re1 Qb6 11. Qc2 Rd8 12. Ba2 Bd7 13. d4 cxd4 14. Nxd4 Rac8 15.
h3 Qxd4 16. cxd4 Rxc2 17. e5 dxe5 18. dxe5 Nd5 19. Bxe7 Nxe7 20. Nf3 Rxb2 21.
Rad1 Nec6 22. Bb1 Nc4 23. Be4 N4xe5 24. Nxe5 Nxe5 25. Rc1 Rb4 26. f3 f5 27. Bb1
Rxa4 28. Rc7 b5 29. Kf2 Rc4 30. Ra7 Ra4 31. g3 f4 32. gxf4 Rxf4 33. Be4 Rff8
0-1

[Event "Int.Vellmar 9th op B"]
[Site "Vellmar"]
[Date "2017.07.13"]
[Round "1.17"]
[White "Becker, Ralph"]
[Black "Tschepanski, Helmut"]
[Result "1/2-1/2"]
[WhiteElo "1776"]
[BlackElo "1539"]
[PlyCount "52"]
[EventDate "2017.07.13"]
[EventType "swiss"]
[EventRounds "7"]
[EventCountry "GER"]

1. Nf3 e6 2. c4 Nf6 3. g3 d5 4. Bg2 Ne4 5. O-O c6 6. d3 Nd6 7. Qc2 Be7 8. Rd1
O-O 9. Bf4 f5 10. Nbd2 Nd7 11. Rac1 Nf6 12. cxd5 exd5 13. Nb3 Nh5 14. e3 Nf7
15. Be5 Nxe5 16. Nxe5 Nf6 17. h3 Bd6 18. f4 Qe7 19. d4 Ne4 20. Kh2 Rf6 21. Nd2
Rh6 22. Nxe4 fxe4 23. Rg1 Qe6 24. h4 Bxe5 25. fxe5 Qg4 26. Qf2 Be6 1/2-1/2

[Event "Int.Vellmar 9th op B"]
[Site "Vellmar"]
[Date "2017.07.13"]
[Round "1.20"]
[White "Kaeding, Wolfgang"]
[Black "Wuttke, Bodo"]
[Result "0-1"]
[WhiteElo "1527"]
[BlackElo "1735"]
[PlyCount "68"]
[EventDate "2017.07.13"]
[EventType "swiss"]
[EventRounds "7"]
[EventCountry "GER"]

1. e4 e6 2. d4 d5 3. e5 c5 4. c3 Bd7 5. Nf3 Nc6 6. Nbd2 Rc8 7. Bb5 Nxe5 8. Nxe5
Bxb5 9. Qf3 Qc7 10. Nb3 cxd4 11. cxd4 Bb4+ 12. Bd2 Bxd2+ 13. Kxd2 Nf6 14. Rac1
Qd8 15. Nc5 Qb6 16. b4 O-O 17. a4 Bc4 18. Nxc4 Qxb4+ 19. Ke3 dxc4 20. Qe2 c3
21. Rb1 Nd5+ 22. Ke4 Qa5 23. Rxb7 Nb4 24. Rb5 f5+ 25. Kf3 Qd8 26. Rxb4 Qd5+ 27.
Kf4 g5+ 28. Kg3 f4+ 29. Kh3 Rf6 30. Qe4 g4+ 31. Kxg4 Rg6+ 32. Kxf4 Qg5+ 33. Kf3
Rf8+ 34. Ke2 Qd2+ 0-1

[Event "Int.Vellmar 9th op B"]
[Site "Vellmar"]
[Date "2017.07.13"]
[Round "1.22"]
[White "Schulze, Lukas"]
[Black "Mahr, Gero"]
[Result "1-0"]
[WhiteElo "1439"]
[BlackElo "1739"]
[PlyCount "53"]
[EventDate "2017.07.13"]
[EventType "swiss"]
[EventRounds "7"]
[EventCountry "GER"]

1. Nf3 Nc6 2. d4 d5 3. c4 e6 4. g3 Nf6 5. Bg2 Be7 6. O-O dxc4 7. Qa4 Bd7 8.
Qxc4 h6 9. Qb3 Rb8 10. Nc3 g5 11. e4 g4 12. Ne5 Nxd4 13. Qd1 Nc6 14. Nxg4 Nxg4
15. Qxg4 h5 16. Qf4 e5 17. Qe3 Nd4 18. Qd3 Bg4 19. Qd2 h4 20. Nd5 Nf3+ 21. Bxf3
Bxf3 22. Qc3 Bxe4 23. Nxc7+ Kf8 24. Qxe5 Bf6 25. Qxe4 Qxc7 26. Bf4 Re8 27.
Qxe8+ 1-0

[Event "Int.Vellmar 9th op B"]
[Site "Vellmar"]
[Date "2017.07.13"]
[Round "1.23"]
[White "Meyer, Marcel"]
[Black "Fromm, Nick"]
[Result "1-0"]
[WhiteElo "1725"]
[BlackElo "1518"]
[PlyCount "75"]
[EventDate "2017.07.13"]
[EventType "swiss"]
[EventRounds "7"]
[EventCountry "GER"]

1. d4 d5 2. c4 c6 3. Nf3 Nf6 4. Nc3 e6 5. e3 Be7 6. Bd3 dxc4 7. Bxc4 b5 8. Bd3
a6 9. O-O Bb7 10. Qc2 Nbd7 11. Ne4 O-O 12. Nxf6+ Nxf6 13. e4 h6 14. Be3 Rc8 15.
Rac1 Ng4 16. Bf4 c5 17. dxc5 Bxc5 18. Qd2 Qb6 19. h3 Nxf2 20. Rxf2 Rfd8 21.
Rxc5 Qxc5 22. Be3 Qd6 23. Ne1 Qg3 24. Rf3 Qg6 25. Qf2 Bxe4 26. Bxe4 Qxe4 27.
Rxf7 Rd1 28. Ra7 Rf8 29. Qg3 g5 30. Kh2 Rf1 31. Qb8+ Rf8 32. Qc7 Qg6 33. Bc5
Rf7 34. Ra8+ Kh7 35. Qc8 Qg7 36. Qxe6 Rc7 37. Qe4+ Qg6 38. Rh8+ 1-0

[Event "Int.Vellmar 9th op B"]
[Site "Vellmar"]
[Date "2017.07.13"]
[Round "1.24"]
[White "Tiggemann, Felix"]
[Black "Mastmeyer, Lars Quentin"]
[Result "0-1"]
[WhiteElo "1502"]
[BlackElo "1724"]
[PlyCount "42"]
[EventDate "2017.07.13"]
[EventType "swiss"]
[EventRounds "7"]
[EventCountry "GER"]

1. e4 e5 2. Nf3 Nc6 3. Bc4 Bc5 4. c3 Nf6 5. d4 exd4 6. e5 Ng4 7. Bxf7+ Kxf7 8.
Ng5+ Ke8 9. Qxg4 d6 10. Ne6 Bxe6 11. Qxe6+ Qe7 12. Qxe7+ Kxe7 13. exd6+ Bxd6
14. O-O {Remis Angebot} Rae8 15. cxd4 Nxd4 16. Be3 Nc2 17. Nc3 Nxa1 18. Rxa1 b5
19. Re1 Kd7 20. f3 Be5 21. Rd1+ Kc8 0-1

[Event "Int.Vellmar 9th op B"]
[Site "Vellmar"]
[Date "2017.07.13"]
[Round "1.25"]
[White "Uecker, Mario"]
[Black "Hoke, Joshua Sky"]
[Result "1-0"]
[WhiteElo "1720"]
[BlackElo "1500"]
[PlyCount "159"]
[EventDate "2017.07.13"]
[EventType "swiss"]
[EventRounds "7"]
[EventCountry "GER"]

1. e4 e5 2. Nf3 Nc6 3. Bc4 Bc5 4. c3 d6 5. Bb3 Nf6 6. d3 h6 7. h3 O-O 8. O-O d5
9. Bc2 Be6 10. Re1 dxe4 11. dxe4 Qxd1 12. Rxd1 Rad8 13. Re1 Rfe8 14. Nbd2 a6
15. Nf1 b5 16. b4 Bb6 17. a4 Ra8 18. Bb2 Bc4 19. Ne3 Bxe3 20. Rxe3 Nh5 21. g3
Nf6 22. Nd2 Be6 23. Kg2 Red8 24. Nb3 Ne8 25. Nc5 Bc4 26. Bc1 Nd6 27. Re1 bxa4
28. Bxa4 Bb5 29. Bb2 Nc4 30. Bc1 Bxa4 31. Rxa4 a5 32. b5 Nb6 33. Ra2 Ne7 34.
Be3 Nc4 35. Kf3 Kh7 36. Ke2 Kg6 37. f4 c6 38. bxc6 Nxc6 39. f5+ Kh7 40. Rb1
Rdb8 41. Rxb8 Rxb8 42. Kd3 Nb2+ 43. Kc2 Nc4 44. Bc1 Kg8 45. Kd3 Nd6 46. Rb2
Rxb2 47. Bxb2 Kf8 48. Ba3 Ke8 49. Na6 Kd7 {Remis Angebot} 50. Nc5+ Kc7 51. Na4
g6 52. g4 h5 53. Nb2 Nb5 54. Bf8 Nd6 55. Nc4 Ne8 56. Bc5 hxg4 57. hxg4 gxf5 58.
gxf5 Kb7 59. Nd6+ Nxd6 60. Bxd6 Kc8 61. Kc4 Kd7 62. Bc5 Kc7 {Remis Angebot} 63.
Kb5 Kb7 64. Bb6 f6 65. Bxa5 Ne7 66. Bb4 Nc6 67. Kc5 Kc7 68. Kd5 Kd7 69. Bf8 Nd8
70. Bc5 Nf7 71. Be3 Nd6 72. c4 Nf7 73. c5 Nd8 74. Bf2 Nf7 75. Bh4 Ng5 76. Bxg5
fxg5 77. Kxe5 Ke7 78. f6+ Kf7 79. c6 g4 80. Kf4 1-0

[Event "Int.Vellmar 9th op B"]
[Site "Vellmar"]
[Date "2017.07.13"]
[Round "1.26"]
[White "Margraf, Dieter"]
[Black "Schloemer, Andreas"]
[Result "0-1"]
[WhiteElo "1496"]
[BlackElo "1716"]
[PlyCount "102"]
[EventDate "2017.07.13"]
[EventType "swiss"]
[EventRounds "7"]
[EventCountry "GER"]

1. d4 Nf6 2. Nf3 e6 3. Bg5 Be7 4. e3 b6 5. Bd3 Bb7 6. Nbd2 d6 7. c3 Nbd7 8. Qc2
h6 9. Bxf6 Nxf6 10. O-O O-O 11. Rfe1 c5 12. Rad1 Qc7 13. e4 Rac8 14. e5 Nd5 15.
exd6 Bxd6 16. dxc5 Bxc5 17. Ne4 Be7 18. Ng3 Rfd8 19. Ne5 Nf6 20. f4 Bd6 21. Qe2
Bxe5 22. fxe5 Nd5 23. Qg4 Qc5+ 24. Qd4 Qxd4+ 25. cxd4 Nf4 26. Be4 Bxe4 27. Nxe4
Rc2 28. Rd2 Rxd2 29. Nxd2 Rxd4 30. Nf3 Rd5 31. b3 Kf8 32. g3 Nd3 33. Re2 Nc1
34. Rc2 Rc5 35. Rd2 Ra5 36. Rc2 Nxa2 37. Rc8+ Ke7 38. Rc7+ Ke8 39. Nd4 Nb4 40.
Nc6 Nxc6 41. Rxc6 Rxe5 42. Rc7 Rb5 43. Rxa7 Rxb3 44. Ra8+ Ke7 45. Ra7+ Kf6 46.
Kf2 Rb2+ 47. Kg1 Kg6 48. Ra4 f5 49. g4 b5 50. gxf5+ exf5 51. h4 bxa4 0-1

[Event "Int.Vellmar 9th op B"]
[Site "Vellmar"]
[Date "2017.07.13"]
[Round "1.27"]
[White "Heidenreich, Gundolf"]
[Black "Schmechtig, Lucas"]
[Result "1/2-1/2"]
[WhiteElo "1710"]
[BlackElo "1491"]
[PlyCount "171"]
[EventDate "2017.07.13"]
[EventType "swiss"]
[EventRounds "7"]
[EventCountry "GER"]

1. d4 d5 2. e3 e6 3. c4 Nf6 4. Nc3 c5 5. dxc5 Bxc5 6. cxd5 Nxd5 7. Nxd5 Qxd5 8.
Qxd5 exd5 9. Bd3 Nc6 10. a3 O-O 11. Ne2 Re8 12. O-O a6 13. Nf4 Be6 14. b4 Bd6
15. Bb2 Ne5 16. Be2 Nc4 17. Bc3 Rac8 18. Rad1 Nxe3 19. fxe3 Rxc3 20. Nxd5 Bxd5
21. Rxd5 Bf8 22. Rd7 Re7 23. Rxe7 Bxe7 24. Rf3 Rxa3 25. Bc4 Bf6 26. e4 Rxf3 27.
gxf3 b5 28. Bd5 Bc3 29. Bb7 Bxb4 30. Bxa6 Bc5+ 31. Kf1 b4 32. Bc4 Kf8 33. Ke2
Ke7 34. Kd3 f6 35. Bd5 Bf2 36. Kc4 Be1 37. Kc5 Kd7 38. f4 Bc3 39. f5 g5 40. Bf7
g4 41. Kc4 Kd6 42. Bh5 Ke5 43. Kd3 Kf4 44. Kc4 g3 45. hxg3+ Kxg3 46. e5 Bxe5
47. Kxb4 Kf4 48. Kc4 Kxf5 49. Kd3 Kg5 50. Be8 h5 51. Ke2 Kg4 52. Kf2 Bf4 53.
Kg2 Bg5 54. Bd7+ Kf4 55. Bh3 Ke3 56. Bf5 h4 57. Bd7 Bf4 58. Bf5 Bg3 59. Bd7 Ke4
60. Bc6+ Ke5 61. Bb7 f5 62. Bc6 f4 63. Bd7 Kd4 64. Bc6 Ke3 65. Bb7 Ke2 66. Ba6+
Ke3 67. Bb7 Kd4 68. Bc6 Ke3 69. Bd7 Ke4 70. Bc6+ Ke3 71. Bd5 Be1 72. Bc6 Bb4
73. Bb7 Be7 74. Bc6 Bf6 75. Bb7 Ke2 76. Bc6 Bd4 77. Bb7 Be3 78. Bc6 Bd2 79. Bb7
Kd3 80. Bc6 Kd4 81. Bb7 Ke5 82. Bc8 Ke4 83. Bb7+ Kf5 84. Bc8+ Kg5 85. Bd7 Be1
86. Bc8 1/2-1/2

[Event "Int.Vellmar 9th op B"]
[Site "Vellmar"]
[Date "2017.07.13"]
[Round "1.28"]
[White "Pohl, Rolf Dieter"]
[Black "Meyer, Thomas"]
[Result "0-1"]
[WhiteElo "1487"]
[BlackElo "1710"]
[PlyCount "32"]
[EventDate "2017.07.13"]
[EventType "swiss"]
[EventRounds "7"]
[EventCountry "GER"]

1. d4 e6 2. Nf3 f5 3. e3 Nf6 4. Bd3 b6 5. Nbd2 Bb7 6. O-O Be7 7. Re1 Ne4 8. c3
O-O 9. Qb3 Qe8 10. Ne5 Rf6 11. f3 Ng5 12. e4 d6 13. Nec4 fxe4 14. Bc2 exf3 15.
Rf1 fxg2 16. Rxf6 Nh3# 0-1

[Event "Int.Vellmar 9th op B"]
[Site "Vellmar"]
[Date "2017.07.13"]
[Round "1.29"]
[White "Bastian, Ben"]
[Black "Ross, Heinrich"]
[Result "1-0"]
[WhiteElo "1705"]
[BlackElo "1482"]
[PlyCount "53"]
[EventDate "2017.07.13"]
[EventType "swiss"]
[EventRounds "7"]
[EventCountry "GER"]

1. e4 e5 2. Nf3 Nc6 3. Bb5 a6 4. Ba4 Be7 5. O-O Nf6 6. d3 b5 7. Bb3 O-O 8. Nc3
d6 9. a4 Rb8 10. Be3 Bg4 11. axb5 Bxf3 12. Qxf3 Nd4 13. Bxd4 exd4 14. Ne2 axb5
15. Nxd4 Rb6 16. Nf5 c5 17. Ra7 Re8 18. e5 dxe5 19. Rfa1 c4 20. Nxe7+ Rxe7 21.
Ra8 Rb8 22. Rxb8 Qxb8 23. Ra8 Re8 24. Rxb8 Rxb8 25. dxc4 e4 26. Qf4 Rd8 27. h3
1-0

[Event "Int.Vellmar 9th op B"]
[Site "Vellmar"]
[Date "2017.07.13"]
[Round "1.30"]
[White "Rapp, Leonard"]
[Black "Schaefer, Marc"]
[Result "1-0"]
[WhiteElo "1479"]
[BlackElo "1701"]
[PlyCount "49"]
[EventDate "2017.07.13"]
[EventType "swiss"]
[EventRounds "7"]
[EventCountry "GER"]

1. e4 e5 2. Nf3 Nc6 3. d4 exd4 4. Nxd4 Bc5 5. Be3 Qf6 6. Nb5 Bxe3 7. fxe3 Qxb2
8. N1c3 Qb4 9. Rb1 Qa5 10. Qd2 a6 11. Nd4 Nge7 12. Bc4 Ne5 13. Bb3 O-O 14. O-O
d6 15. Nf3 N7g6 16. Rbd1 Bd7 17. Nd5 Qxd2 18. Rxd2 Bb5 19. Rff2 Rac8 20. Nxe5
dxe5 21. h4 Rfe8 22. h5 Ne7 23. Nxc7 Rxc7 24. Bxf7+ Kf8 25. Be6+ 1-0

[Event "Int.Vellmar 9th op B"]
[Site "Vellmar"]
[Date "2017.07.13"]
[Round "1.31"]
[White "Homann, Christoph"]
[Black "Pomrehn, Ole Magnus"]
[Result "1/2-1/2"]
[WhiteElo "1699"]
[BlackElo "1472"]
[PlyCount "92"]
[EventDate "2017.07.13"]
[EventType "swiss"]
[EventRounds "7"]
[EventCountry "GER"]

1. c4 c6 2. g3 d5 3. Bg2 e6 4. Nf3 Nf6 5. O-O Bd6 6. b3 Nbd7 7. Bb2 O-O 8. d3
Re8 9. e4 dxe4 10. dxe4 Nxe4 11. Re1 Nef6 12. Nh4 Nc5 13. b4 Na6 14. a3 Be7 15.
Qc2 h6 16. Nc3 Qc7 17. Rad1 Bd7 18. Rd2 Rad8 19. Red1 Bc8 20. Nf3 Rxd2 21. Nxd2
Rd8 22. Nce4 Nxe4 23. Nxe4 Rxd1+ 24. Qxd1 Qd7 25. Qg4 g6 26. Be5 Nc7 27. Qf4 g5
28. Qf3 Ne8 29. Qh5 Bf8 30. h4 gxh4 31. Qg4+ Kh7 32. Qxh4 Be7 33. Qf4 Bf8 34.
Bf3 f5 35. Nc3 Qf7 36. Ne2 Be7 37. Qd4 Nf6 38. Nf4 a6 39. c5 Bd7 40. Kg2 Bc8
41. Qd3 Qe8 42. Bd1 Qd7 43. Qe2 Nd5 44. Bc2 Nxf4+ 45. Bxf4 Bf6 46. Qe3 Qg7
1/2-1/2

[Event "Int.Vellmar 9th op B"]
[Site "Vellmar"]
[Date "2017.07.13"]
[Round "1.32"]
[White "Maar, Felicitas"]
[Black "Brahn, Helmut"]
[Result "1-0"]
[WhiteElo "1461"]
[BlackElo "1698"]
[PlyCount "59"]
[EventDate "2017.07.13"]
[EventType "swiss"]
[EventRounds "7"]
[EventCountry "GER"]

1. e4 c5 2. Nc3 d6 3. Nf3 Nf6 4. Be2 a6 5. O-O e6 6. d3 Nc6 7. Be3 Bd7 8. Qd2
Be7 9. h3 O-O 10. Nh2 Re8 11. f4 Qc7 12. Ng4 Rac8 13. Qe1 Nd4 14. Rc1 Nxe2+ 15.
Qxe2 Nxg4 16. Qxg4 b5 17. Ne2 d5 18. e5 d4 19. Bd2 b4 20. Ng3 Bc6 21. Nh5 g6
22. Nf6+ Bxf6 23. exf6 Qd8 24. Qh4 Qd5 25. Rf2 h5 26. Re1 Kh7 27. Re5 Qd6 28.
Rxh5+ gxh5 29. Qxh5+ Kg8 30. Qg5+ 1-0